00474pab a2200157 454500008004000000100001400040245007700054260000900131300001200140362001100152650003600163650003100199650004100230650002500271773002000296180718b1995 xxu||||| |||| 00| 0 eng d aSwamy, K. aManagement educationba case study of Dr. B.R. Ambedkar Open University. c1995 ap.10-13 a25 Dec aManagement - Study and teaching aDistance education - India aEducational systems and institutions aManagement Education aUniversity News